Normal view
MARC view
Entry Topical Term
001 - CONTROL NUMBER
- control field: 1235953
003 - CONTROL NUMBER IDENTIFIER
- control field: OSt
005 - DATE AND TIME OF LATEST TRANSACTION
- control field: 20260429110736.0
008 - FIXED-LENGTH DATA ELEMENTS
- fixed length control field: 260429|| aca||aabn | a|a d
040 ## - CATALOGING SOURCE
- Original cataloging agency: OSt
- Transcribing agency: OSt
150 ## - HEADING--TOPICAL TERM
- Topical term or geographic name entry element: Human Development-India
670 ## - SOURCE DATA FOUND
- Source citation: Work cat.: (OSt)1848629: Dev, S. Mahendra 1132332, Inclusive growth in India: Agriculture, poverty and human development, 2008
